000 01336cam a22003497a 4500
003 CHAP
005 20220329142840.0
008 040820d2004 mx ab r 00110 spa d
010 _a88690
011 _a89662
035 _a100213
040 _cCHAP
090 _aTesis
100 0 0 _aHernández Hernández, Carlos Enrique.
_954119
245 1 0 _aIntegración de plantas medicinales en sistemas agroforestales en Mojocuautla, Nayarit
_c/por Carlos Enrique Hernández Hernández
260 _aChapingo, Méx. :
_bEl autor,
_c2004
300 _a233 h. :
_bilus. ; gráfs. ; mapa
502 _aTesis (M.C. en Agroforesteria para el Desarrollo Sostenible) -- UACH. Centro de Agroforesteria para el Desarrollo Sostenible
590 _aALEPH
_b10
_c20130110
_lUCH01
_h1500
590 _aBATCH-UPD
_b10
_c20130110
_lUCH01
_h0616
590 _aBATCH-UPD
_b10
_c20130410
_lUCH01
_h0258
590 _aBATCH-UPD
_b10
_c20130914
_lUCH01
_h0742
590 _aCONVERSION
_b10
_c20130109
_lUCH01
_h1349
650 1 4 _aBotánica forestal.
_914679
650 1 4 _aBotánica médica.
_914680
650 1 4 _aSistemas agrosilvopascícolas.
_9106737
901 _aBK
905 _aMayto Villalobos Santana
942 _cFOLL
949 _aTesis
_bBC
_cTES
_d100213123
_eTS1
_h42377
_i100213
_sb
949 _aTesis
_bBC
_cTES
_d33724000927521
_eTS2
_fc.2
_h42378
_i100213
_si
999 _c88690
_d88690